• 首页
  • 本馆介绍
  • 公告通知
  • 最新文献
  • 馆藏检索
  • 电子资源
  • 读者导购
  • 参考咨询
  • 我的图书馆
  • 登录
  • 详细信息显示
  • 放入我的书架
  • 预约/预借图书
  • 作者相关作品
  • 分类相关作品
  • 丛书相关作品
  • 出版社相关作品

书目信息

  • 表格格式
  • 工作单格式
  • 卡片格式
题名:
组织中的暗影
    
 
作者: 李燚 著
分册:  
出版信息: 北京   经济管理出版社  2014
页数: 197页
开本: 24cm
丛书名: 经济管理学术文库
单 册:
中图分类: F272.92
科图分类:
主题词: 企业管理--人事管理--研究 , 企业管理 , 人事管理
电子资源:
ISBN: 978-7-5096-2913-0
000 01401oam2 2200325 450
001 523
005 20140909091901.43
010    @a978-7-5096-2913-0@dCNY39.00
100    @a20140326d2014 em y0chiy50 ea
101 0  @achi
102    @aCN@b110000
105    @ay z 000yy
106    @ar
200 1  @a组织中的暗影@AZu Zhi Zhong De An Ying@e员工负面行为研究@EYuan Gong Fu Mian Xing Wei Yan Jiu@dShadow in the organization@eresearch on employees' negative behaviors@f李燚著@FLi燚 Zhu@zeng
210    @a北京@c经济管理出版社@d2014
215    @a197页@d24cm
225 2  @a经济管理学术文库
300    @a国家自然科学基金资助项目:员工沉默行为前因和后果的双面效应的跨层次研究:P-E契合理论的视角 上海市教委科研创新重点资助项目:基于知识管理视角的员工上行信息共享行为的形成机制及对团队效能的影响研究
308    @a丛书管理类
330    @a本书汇总了作者近几年在员工负面行为领域的研究成果,包括管理欺凌行为、沉默行为、忽略和退出行为以及工作场所无礼行为的影响因素、后果和作用机制。
461  0 @12001 @a经济管理学术文库
510 1  @aShadow in the organization@eresearch on employees' negative behaviors@zeng
517 1  @a员工负面行为研究@AYuan Gong Fu Mian Xing Wei Yan Jiu
606 0  @a企业管理@x人事管理@x研究
606 0  @a企业管理
606 0  @a人事管理
690    @aF272.92@v5
701  0 @a李燚@ALi燚@c(女)@4著
801  0 @aCN@bTANGWEI@c20140603
905    @b0840016-18@dF272.92@e1041@f3
    
    组织中的暗影:员工负面行为研究=Shadow in the organization:research on employees' negative behaviors/李燚著.-北京:经济管理出版社,2014
    197页;24cm.-(经济管理学术文库)
    国家自然科学基金资助项目:员工沉默行为前因和后果的双面效应的跨层次研究:P-E契合理论的视角 上海市教委科研创新重点资助项目:基于知识管理视角的员工上行信息共享行为的形成机制及对团队效能的影响研究
    
    ISBN 978-7-5096-2913-0:CNY39.00
    本书汇总了作者近几年在员工负面行为领域的研究成果,包括管理欺凌行为、沉默行为、忽略和退出行为以及工作场所无礼行为的影响因素、后果和作用机制。
●
相关链接 在E读中查询图书 在五车中查询图书 在当当中查询图书 在豆瓣中查询图书


正题名:组织中的暗影     索取号:F272.92/1041         预约/预借

序号 登录号 条形码 馆藏地/架位号 状态 备注
1 0840016   208400167   第一样本阅览室/ [索取号:F272.92/1041] 在馆    
2 0840017   208400176   密集书库-海洋学院/ [索取号:F272.92/1041] 在馆    
3 0840018   208400185   第一借阅区/ [索取号:F272.92/1041] 在馆    
唐山师范学院图书馆 欢迎您!
大连网信软件有限公司© 版权所有